Trò chơi và thú tiêu khiển của người Huế
Guardado en:
| Autor principal: | |
|---|---|
| Formato: | Desconocido |
| Lenguaje: | Vietnamese |
| Publicado: |
Văn hóa Thông tin
2011
|
| Materias: | |
| Etiquetas: |
Agregar Etiqueta
Sin Etiquetas, Sea el primero en etiquetar este registro!
|
| Thư viện lưu trữ: | Mạng thư viện Đại học Đà Nẵng |
|---|
| LEADER | 00722na a2200241 4500 | ||
|---|---|---|---|
| 001 | 000030512 | ||
| 003 | 4096 | ||
| 005 | 20151001092256.0 | ||
| 008 | 151001s2011 000 vie | ||
| 020 | |a 9786045001011 | ||
| 082 | |a 398.9 |b TR-S | ||
| 100 | |a Trần Đức Anh Sơn | ||
| 245 | |a Trò chơi và thú tiêu khiển của người Huế |c Trần Đức Anh Sơn | ||
| 260 | |a Văn hóa Thông tin |c 2011 | ||
| 300 | |a 237tr. : mh ; 21 cm | ||
| 650 | |a Trò chơi thú tiêu khiển, Huế, Trần Đức Anh Sơn, 2011 | ||
| OWN | |a LNN | ||
| 999 | |a From the UDN01 | ||
| TYP | |a Printed language | ||
| 980 | |a Mạng thư viện Đại học Đà Nẵng | ||


